Foreign trade and world politics : (Record no. 50503)
[ view plain ]
| 000 -LEADER | |
|---|---|
| fixed length control field | 01088nam a2200289 a 4500 |
| 001 - CONTROL NUMBER | |
| control field | 50503 |
| 003 - CONTROL NUMBER IDENTIFIER | |
| rucl marc code | BD-RjUL |
| 005 - DATE AND TIME OF LATEST TRANSACTION | |
| control field | 20211209075523.0 |
| 008 - FIXED-LENGTH DATA ELEMENTS--GENERAL INFORMATION | |
| fixed length control field | 160827s1926 nyu 001 0 eng |
| 035 ## - SYSTEM CONTROL NUMBER | |
| System control number | (BD-RjUL) 50623 |
| 040 ## - CATALOGING SOURCE | |
| Original cataloging agency | DLC |
| Transcribing agency | FNP |
| Modifying agency | EQO |
| -- | BD-RjUL |
| Language of cataloging | eng |
| 041 ## - LANGUAGE CODE | |
| Language code of text/sound track or separate title | eng |
| 082 ## - DEWEY DECIMAL CLASSIFICATION NUMBER | |
| Edition number | 23 |
| Classification number | 330.9 |
| Author mark and year | FRF 1926 |
| 100 1# - MAIN ENTRY--PERSONAL NAME | |
| Personal name | Fraser, Herbert F. |
| Fuller form of name | (Herbert Freeman), |
| Dates associated with a name | 1890- |
| 9 (RLIN) | 151283 |
| 245 10 - TITLE STATEMENT | |
| Title | Foreign trade and world politics : |
| Remainder of title | a study of the international foundations of prosperity with particular reference to American conditions / |
| Statement of responsibility, etc. | Herbert F. Fraser. |
| 260 ## - PUBLICATION, DISTRIBUTION, ETC. (IMPRINT) | |
| Place of publication, distribution, etc. | New York : |
| Name of publisher, distributor, etc. | Knopf, |
| Date of publication, distribution, etc. | c1926. |
| 300 ## - PHYSICAL DESCRIPTION | |
| Pagination | 346 p. ; |
| Size | 22 cm. |
| 490 0# - SERIES STATEMENT | |
| Series statement | Borzoi political science texts. |
| 504 ## - BIBLIOGRAPHY, ETC. NOTE | |
| Bibliography, etc | "Bibliographical note on the diplomacy of the war": p. 334-337 and index. |
| 650 #0 - SUBJECT ADDED ENTRY--TOPICAL TERM | |
| Topical term or geographic name as entry element | Economic history |
| Chronological subdivision | 20th century |
| 9 (RLIN) | 130652 |
| Topical term or geographic name as entry element | Commerce. |
| 9 (RLIN) | 151284 |
| Topical term or geographic name as entry element | World politics. |
| 9 (RLIN) | 151285 |
| Topical term or geographic name as entry element | International cooperation. |
| 9 (RLIN) | 151286 |
| 651 #0 - SUBJECT ADDED ENTRY--GEOGRAPHIC NAME | |
| Geographic name | United States |
| General subdivision | Commercial policy. |
| 9 (RLIN) | 134624 |
| 830 ## - SERIES ADDED ENTRY--UNIFORM TITLE | |
| Uniform title | Borzoi political science texts. |
| 942 ## - ADDED ENTRY ELEMENTS (KOHA) | |
| Source of classification or shelving scheme | Dewey Decimal Classification |
| Koha item type | Books |
| Lost status | Source of classification or shelving scheme | Damaged status | Not for loan | Collection code | Permanent Location | Current Location | Shelving location | Date acquired | Source of acquisition | Cost, normal purchase price | Total Checkouts | Full call number | Date last seen | Copy number | Koha item type |
|---|---|---|---|---|---|---|---|---|---|---|---|---|---|---|---|
| Dewey Decimal Classification | Non-fiction | Central Library, University of Rajshahi | Central Library, University of Rajshahi | 07/11/1961 | Dr. A. I. Bariahi | 571.62 | 330.9 FRF 1926 | 27/08/2016 | C-2 | Books |